000
00330 a2200121 4500
001
ART_47592
005
20260410161630.0
008
260409a
245
1
0
_a
Ajuste por inflación contable
100
1
_a
Petti, Ana María
700
1
_a
Lanza, Heraclio Juan
773
0
_t
Enfoques
_g
- N°9 (sep. 2018)
_w
REV416
999
_c
12401
_d
12401